| 000 | 00321nam a2200133 i 4500 | ||
|---|---|---|---|
| 001 | bg | ||
| 100 | 1 | _aMcCOLM, I. J. | |
| 245 | 0 |
_aCeramic science for materials technologists / _cI.J. McColm. |
|
| 260 |
_aNew York, _c1983. |
||
| 040 | _cBPK | ||
| 041 | _apol | ||
| 942 | _cKS | ||
| 008 | s pl f |000 0 pol | ||
| 999 |
_c28838 _d28838 |
||
| 856 |
_uhttp://koha.tu.koszalin.pl/cgi-bin/koha/opac-detail.pl?biblionumber=28838 _yKatalog online BPK |
||